Tilastot visalle Nykypäivän kommunistiset valtiot

Klikkaa tästä pelataksesi tätä visaa!

Yleistilastot

  • Tätä visaa on pelattu 996 kertaa
  • Keskiarvotulos 3 / 5

Vastaustilastot

Valtio% Oikein
Kiina
93%
Kuuba
71%
Vietnam
60%
Laos
44%
Nepal
17%

Tulosjakauma

Persentiili vastausten määrän mukaan

Jokaisen tuloksen saaneiden osuus

Tuloshistoriasi

Et ole pelannut tätä visaa